000 01239nam a22002537a 4500
999 _c47108
_d47108
005 20180809135554.0
008 131216t mx ||||| |||| 00| 0 spa d
020 _a968746951
050 0 4 _aNA9102
_bE87 2008
245 0 0 _aEspacios de encuentro cultural :
_bestudios de caso Iberoamérica /
_cCoordinadoras, Carmén Alicia Munguía, Catherine R. Ettinger Mc Enulty
250 _a1a ed.
260 _aMorelia, Michoacán de Ocampo, México :
_bUniversidad Michoacana de San Nicolás de Hidalgo, Facultad de Arquitectura, Instituto de Investigaciones Históricas,
_c2008.
300 _a255 p. :
_bil. ;
_c28 cm.
504 _aIncluye índice
650 7 _2LEMB
_aUrbanismo
_xHistoria
_ySiglo XVI-XIX
_zMéxico
650 7 _2LEMB
_aArquitectura
_xHistoria
_ySiglo XVI-XIX
_zAmérica Latina
651 7 _2LEMB
_aMéxico
_xCondiciones sociales
_ySiglo XVI-XIX
_zAmérica Latina
700 1 _aDávila, Munguía, Carmen Alicia,
_ecoord.
700 1 _aEttinger, Mc Enulty, Catherine
_ecoord.
_q[Catherine Rose Ettinger McEnulty]
700 1 _aAzevedo Salomao, Eugenia María,
_d[1956- ]
_ecuat.
700 1 _aBobadilla González, Leticia,
_ecuat.
700 1 _aCalvo, Luis María,
_ecuat.
700 1 _aCollado, Adriana María,
_ecuat.
942 _2lcc
_cLIB